Einführung in die Volkswirtschaftslehre

Enregistré dans:
Détails bibliographiques
Auteur principal: Siebert, Horst
Format: Livre
Langue:allemand
Publié: Stuttgart Kohlhammer 1981
Édition:6. völlig überarb. Aufl.
Collection:Verwaltung und Wirtschaft Heft 38
Sujets:
Tags: Ajouter un tag
Pas de tags, Soyez le premier à ajouter un tag!

MARC

LEADER 00000nam a2200000 4500
001 c019129
005 20221207073517.7
020 |a 3-17-007153-X 
041 0 |a ger 
044 |a DE 
245 1 0 |a Einführung in die Volkswirtschaftslehre  |c Horst Siebert 
250 |a 6. völlig überarb. Aufl. 
264 1 |a Stuttgart  |b Kohlhammer  |c 1981 
300 |a 156 s. 
490 1 |a Verwaltung und Wirtschaft  |v Heft 38 
830 0 |a Verwaltung und Wirtschaft  |v Heft 38 
610 2 0 |a hospodárstvo národné 
610 2 0 |a trh 
610 2 0 |a ceny 
610 2 0 |a teória trhu 
610 2 0 |a teórie ekonomické 
610 2 0 |a produkcia 
610 2 0 |a tvorba cien 
610 2 0 |a ponuka 
100 1 |a Siebert, Horst